000 01944nam a2200421 a 4500
001 00003874
003 DO-SdBNP
005 20180305135610.0
007 00003874
008 110712s2010 dr ac 000 0 spa d
020 _a9789945461494
040 _aBPMSU
_bspa
_cBPMSU
082 0 4 _a372.6561
_bV145L, 7mo. 2010
100 1 _aValdez, Lidia
245 1 0 _aLengua española 7 :
_b[educación básica] /
_ccorregido y actualizado por las profesoras Lidia Valdez y Reyna Patricia Carrasco ; producción editorial María del Jesús de la Rosa.
250 _a2a. ed.
260 _aSanto Domingo :
_bActualidad Escolar,
_c2010.
300 _a2v. :
_bil., retrs. ;
_c28 cm.
500 _aIncluye el libro del maestro.
500 _aObra original de autoria de Basilia Rodríguez Rijo y Olimpia Sánchez Rodríguez
504 _aBibliografía : p. 160
505 0 _gUnidad 1 --
_tEl loro y el ratón --
_gUnidad 2 --
_tA buscar y dar información --
_gUnidad 3 --
_tFantasía --
_gUnidad 4 --
_tSon santiagueros no santiaguenses --
_gUnidad 5 --
_tSobre el teatro dominicano --
_gUnidad 6 --
_tHispaniola online entrega a sus ciberlocutores --
_gUnidad 7 --
_tMusicoterapia --
_gUnidad 8 --
_t¿Cómo buscar información a través de diferentes medios?
650 4 _aESPAÑOL
_xENSEÑANZA BÁSICA
650 4 _aESPAÑOL
_xEDUCACIÓN PRIMARIA
650 4 _aESPAÑOL
_xLIBROS DE TEXTOS
650 4 _aESPAÑOL
_xESTUDIOS Y EJERCICIOS
650 4 _aEDUCACIÓN PRIMARIA
_zREPÚBLICA DOMINICANA
700 1 _aRodríguez Rijo, Basilia
_tLengua española 7
700 1 _aSánchez Rodríguez, Olimpia
700 1 _tLengua española 7
700 1 _aCarrasco, Reyna Patricia
700 1 _aRosa, María del Jesús de la,
_eed.
910 _aValidado. Control de calidad MFF
942 _2ddc
_cBK
945 _aRemanejado para la BNPHU / 2018 VM
956 _aVMATEO
_b10
_c20150810
_lBPMSU
_h00151
956 _aLOPEREZ
_b10
_c20160420
_lBPMSU
_h00041
999 _c9849
_d9849